Normal view
MARC view
Entry Personal Name
001 - CONTROL NUMBER
- control field: 31561
003 - CONTROL NUMBER IDENTIFIER
- control field: ARRUPE
005 - DATE AND TIME OF LATEST TRANSACTION
- control field: 20170530083401.0
008 - FIXED-LENGTH DATA ELEMENTS
- fixed length control field: 170530|| aca||aabn | a|a d
040 ## - CATALOGING SOURCE
- Original cataloging agency: ARRUPE
- Transcribing agency: ARRUPE
100 ## - HEADING--PERSONAL NAME
- Personal name: Atmore, Anthony,
- Relator term: joint author.
670 ## - SOURCE DATA FOUND
- Source citation: Work cat.: (ARRUPE)25455: Oliver, Roland Anthony. 31383, Africa since 1800 /, 1981.